| 000 | 00602nam a22001937a 4500 | ||
|---|---|---|---|
| 005 | 20251108175418.0 | ||
| 008 | 250721s2006 xx 000 0 ara d | ||
| 082 | 1 | 4 | _a638/وهد |
| 100 | 1 |
_aعسل، عثمان مصطفى _eمقدم |
|
| 245 | 1 | 0 | _aالنحل .....أمة ...... / |
| 264 | 1 |
_aالإسكندرية : _bالدار العالمية للنشر والتوزيع، _c2006. |
|
| 300 | _a312 ص. | ||
| 650 | 1 | 7 | _aنحل العسل |
| 650 | 1 | 7 | _aالنحل |
| 650 | 1 | 7 | _aتربية النحل |
| 700 | 1 | _aعبد الحميد، أ.د مديحة | |
| 942 |
_2ddc _cBK |
||
| 999 |
_c133484 _d133484 |
||